LEADER 01173nam a2200241 i 4500 001 000000065731 003 CaOOAMICUS 005 20121211000000.0 008 121211s1998 it u000 u ita u 013 $a36903 040 $aSeMil$bita 100 1 $aFondazione Don Carlo Gnocchi : Istituto Palazzolo.$0(OLS)http://semarc/name/33040 245 12$aL'Istituto Palazzolo di Milano :$b60 anni in immagini. 260 $aMilano :$bIstituto Palazzolo Suore delle Poverelle,$cstampa 1998. 300 $a171 p. :$briccamente ill. ;$c28 cm. + [1] allegato. 500 $aIn allegato : L'Istituto Palazzolo di Milano 1938-1998 : la storia di un albero che cresce. 650 4$aMilano - Istituto Palazzolo.$0(OLS)http://semarc/subject/10670 774 0 $tIstituto Palazzolo di Milano 1938-1998.$w()329585 850 $aSeMil 852 $aSeMil$W1$xVenegono$y1$m3O IV 219$j31884$B31884$CSeMilBibl$Z2$F31887 $81 961 $aOmaggio: Delpini mons. Mario 996 $6245$aL'Istituto Palazzolo di Milano :$b60 anni in immagini$9(OLS)http://semarc/title/104375 996 $6260$aMilano :$bIstituto Palazzolo Suore delle Poverelle$9(OLS)http://semarc/publisher/42572 LEADER 01095nam a2200277 i 4500 001 000000069475 003 CaOOAMICUS 005 20090519000000.0 008 090519s1996 it u000 u ita u 013 $a40647 020 $a88-10-50815-7 040 $aSeMil$bita 100 1 $aManenti, Alessandro <1948- >.$0(OLS)http://semarc/name/231 245 13$aIl pensare psicologico :$bpretese e prospettive /$cAlessandro Manenti. 260 $aBologna :$bEDB,$c1996. 300 $a131 p. ;$c22 cm. 490 0 $aPsicologia e formazione ;$v15 500 $aSegue: Appendice. 650 4$aPsicologia.$0(OLS)http://semarc/subject/1671 830 0$aPsicologia e formazione ;$v15.$0(OLS)http://semarc/title/398 850 $aSeMil 852 $aSeMil$W1$xVenegono$y1$m2NA B 15$j244660$B35628$CSeMilBibl$Z2$F35631 $81 961 $aAcquisto: Cittą Nuova 996 $6020$a88-10-50815-7$9(OLS)http://semarc/number/47998 996 $6245$aIl pensare psicologico :$bpretese e prospettive$9(OLS)http://semarc/title/111235 996 $6260$aBologna :$bEDB$9(OLS)http://semarc/publisher/29669